Statistics for D Vocabulary Words A-Z

Click here to take the quiz!

General Stats

  • This quiz has been taken 150 times
  • The average score is 13 of 24

Answer Stats

clueword% Correct
D-Ebird of peacedove
93%
D-Binterrupt one's peace and quietdisturb
87%
D-Lyellow flowerdaffodil
80%
D-Pmoistdamp
79%
D-Dguard against attackdefend
78%
D-FSleepy, Bashful, etcdwarf
77%
D-JDijon's airport codeDIJ
75%
D-Gremove errors from a computer programdebug
73%
D-Hto soak, as in a rainstormdrench
65%
D-Irum & lime cocktaildaiquiri
63%
D-Nranking church memberdeacon
63%
D-ARussian summer-housedacha
51%
D-Yboldly resistdefy
50%
D-Zairheadditz
48%
D-Swander off-topicdigress
44%
D-T______ 9District
44%
D-Kstalematedeadlock
38%
D-WArabic sailboatdhow
32%
D-Cenergeticdynamic
32%
D-XGerman stock exchange indexDAX
28%
D-Mcurrency of Morocco and UAEdirham
26%
D-OMindanao's largest cityDavao
20%
D-Rbicycle gear-shifting mechanismderailleur
16%
D-UCanadian R&B singer-songwriterDru
7%

Score Distribution

Percentile by Number Answered

Percent of People with Each Score

Your Score History

You have not taken this quiz